000 00344nam a22001457a 4500
003 OSt
008 250505b |||||||| |||| 00| 0 eng d
100 _aTIRATH,Swami Vedanand (Dayanand)
245 _aSwahdyaye-Sandeep
250 _a20th
260 _aNew Delhi
_bArya Prakashan
_c2000
300 _a312
650 _aGeneral
942 _2ddc
_cBK
999 _c13510
_d13510